| 000 | 00446nam a22001817a 4500 | ||
|---|---|---|---|
| 003 | MPLRDC | ||
| 005 | 20220104114140.0 | ||
| 008 | 210129b ||||| |||| 00| 0 eng d | ||
| 020 | _a7-80590-820-6 | ||
| 082 | _a782.891 GMR-3 | ||
| 100 | _a桑逢康 | ||
| 245 |
_a郭沫若和他的三位夫人 _c |
||
| 250 | _a一版一刷 | ||
| 260 |
_a _b海南出版社 _c1994 |
||
| 300 | _b平 | ||
| 650 | _a郭沫若传记 | ||
| 942 |
_cBK _o782.891 GMR-3 |
||
| 999 |
_c5206 _d5196 |
||